00646nam a2200217Ia 4500003000400000005001700004008004100021020001900062040000700081041000800088082001600096100002500112245002700137260003800164300000900202650002300211700003100234942001300265999001900278952013100297OSt20250823125210.0250729s2005 xx 000 0 und d a978-8176489331 cAL aeng a370.15 SINT aSingh Yogish9222090 aTeaching of psychology aNew DelhibA P H Publishingc2005 a275p aPsychology9222091 aKumar Nath Ruchika9222092 2ddccBED c235299d235299 00104070aALbALd2025-07-29eSita Book Houseg150.00l0o370.15 SINTpBED00618r2025-07-29 16:53:53v150.00w2025-07-29yBK